000 00949nam a2200205Ia 4500
003 OSt
005 20241029160928.0
007 ca aa aaaaa
008 201103s9999 xx 000 0 und d
040 _cSSBUL
041 _abur
082 _223
_a၂၉၄.၃၄၄၃ ယော
_b၉၂၉၅ S-SAT
100 0 _aယောဆရာတော်၊ တိပိဋက- ဓမ္မဘဏ္ဍာဂါရိက
_917358
245 1 0 _aကိုယ့်ကိုကိုယ်ချစ်လူအစစ် /
_cတိပိဋက- ဓမ္မဘဏ္ဍာဂါရိကယောဆရာတော်။
260 _aရန်ကုန် ၊
_bမြစ်သာပုံနှိပ်တိုက်၊
_c၂၀၀၃။
300 _a၁၁၀ စာမျက်နှာ ၊
_c၁၇ စင်တီ။
500 _aS-SAT: Dr. Sai Aung Tun
650 _aဗုဒ္ဓဘာသာ
_xတရားတော်
_913507
942 _2ddc
_cBK1
999 _c16755
_d16755